1191 1035 1277 1909 1080 1793 1681 1925 1597 1448 1140 1881 1674 1464 1940 1274 1170 1288 1644 1197 1929 1580 1687 1205 1439 1324 1357 1651 1674 1705 1907 1745 1287 1524 1229 1655 1711 1768 1740 1681 1627 1758 1209 1014 1523 1497 1697 1506 1274 1915 1751 1663 1804 1860 1404 1722 1545 1014 1889 1639 1748 1841 1378 1429 1377 1156 1914 1590 1249 1259 1990 1684 1461 1290 1728 1761 1064 1921 1949 1094 1695 1454 1070 1324 1493 1973 1566 1017 1355 1377 1236 1558 1740 1744 1830 1014 1089 1131 1512 BCNSPRNW ULIB Ver.6.0+V

เปลี่ยนเป็นภาษาไทย

Change to English
 แสดงรายละเอียดบรรณานุกรม
  กลับหน้าหลัก

Brief Record : Get Marc (ISO 2709) : E-mail record : QR code < ปิดหน้าต่าง
LEADER : 00000nam 2200000uu 4500
001    13399126093
003     ULIB
008    020711s2018 th a 000 0 eng d
020    ^a9780323461580
060    ^aWY150^bI24M^cVol.1
100    ^aDonna D. Ignatavicius, M.Linda Workman, Cherie R. Rebar.
245    ^aMedical-Surgical Nursing Concepts For Interprofessional Collaborative care Volume 1.
250    ^a9th ed
260    ^aLouis, Missouri :^bElsevier Limited,^c2018
300    ^a640 pages;^b30 cm
650    ^aMedical-Surgical Nursing
945    ^p5180^l0^i004111
999    ^aประนอม เกษจรัล
รายการนี้ยังไม่มีแท็ก
คุณยังไม่ได้ล็อกอิน คุณสามารถมีกิจกรรมร่วมกับเว็บไซต์ได้ แต่ต้องล็อกอินก่อน ::
  ล็อกอิน

รายการสื่อสารสนเทศ

ลำดับที่ ประเภท เลขเรียก/บาร์โค้ด สถานที่ สถานะ
1. วิทยาศาสตร์การแพทย์ และสุขภาพ
หนังสือสำรอง
สถานะ=หนังสือสำรอง
WY150 I24M Vol.1 ฉ.1 
  Barcode: 004111
ห้องสมุดวิทยาเขตสวรรค์ประชารักษ์
►หนังสือทั่วไป
บนชั้น

รายการใกล้เคียง
    ชื่อเรื่อง [Medical-Surgical Nursing Concepts For Interprofessional Collaborative care Volume 1.]

    ผู้แต่ง [Donna D. Ignatavicius, M.Linda Workman, Cherie R. Rebar.]

    หัวเรื่อง [Medical-Surgical Nursing]

BibComment


ยังไม่เคยถูกคอมเมนท์

คอมเมนท์ทรัพยากรรายการนี้
  คอมเมนท์: MedicalSurgical ..


 Copyright 2026. Bcnsprnw @Library